[Event "It"]
[Site "masterchessopen.com Venice (Italy)"]
[Round "0"]
[White "Letelier Rene (CHI)"]
[Black "Wade Robert G (ENG)"]
[Result "0-1"]
[WhiteElo "2151"]
[BlackElo "2148"]

1.d4 d5 2.c4 e6 3.Nf3 Nf6 4.Nc3 c6 5.e3 Nbd7 6.Bd3 dxc4 7.Bxc4 b5 8.Be2 a6
9.a4 Bb7 10.O-O b4 11.Nb1 c5 12.Nbd2 Be7 13.b3 cxd4 14.Nxd4 O-O 15.Bb2 Nc5
16.Rc1 Rc8 17.Nc4 Rc7 18.f3 Nd5 19.Qc2 Rd7 20.Rcd1 Qb8 21.g3 Rfd8 22.Rfe1 Qa7
23.Ne5 Nxe3 24.Qb1 Nxd1 25.Rxd1 Rxd4 26.Bxd4 Rxd4 {#R} 0-1

[Event "Olympiad"]
[Site "masterchessopen.com Amsterdam (Netherlands)"]
[Round "0"]
[White "Johannsson Ingi R (ISL)"]
[Black "Nilsson Zandor (SWE)"]
[Result "0-1"]
[WhiteElo "2410"]
[BlackElo "2300"]

1.d4 d5 2.c4 e6 3.Nf3 c6 4.Nc3 Nf6 5.e3 Nbd7 6.Bd3 dxc4 7.Bxc4 b5 8.Bd3 Bb7
9.e4 b4 10.e5 bxc3 11.exf6 cxb2 12.fxg7 bxa1=Q 13.gxh8=Q Qa5+ 14.Nd2 Q1c3
15.Ke2 Nc5 16.Qxh7 Nxd3 17.Qxd3 Qxd3+ 18.Kxd3 Ba6+ 19.Kc2 Qxa2+ 20.Bb2 Rb8
21.Qa1 Rxb2+ 22.Qxb2 Bd3+ 23.Kc3 Bb4+ 24.Qxb4 Qc2# 0-1

[Event "Olympiad"]
[Site "masterchessopen.com Amsterdam (Netherlands)"]
[Round "11"]
[White "Johannsson Ingi R (ISL)"]
[Black "Nilsson Zandor (SWE)"]
[Result "0-1"]
[WhiteElo "2410"]
[BlackElo "2300"]

1.d4 d5 2.c4 e6 3.Nf3 c6 4.Nc3 Nf6 5.e3 Nbd7 6.Bd3 dxc4 7.Bxc4 b5 8.Bd3 Bb7
9.e4 b4 10.e5 bxc3 11.exf6 cxb2 12.fxg7 bxa1=Q 13.gxh8=Q Qa5+ 14.Nd2 Q5c3
15.Ke2 Nc5 16.Qxh7 Nxd3 17.Qxd3 Qxd3+ 18.Kxd3 Ba6+ 19.Kc2 Qxa2+ 20.Bb2 Rb8
21.Qa1 Rxb2+ 22.Qxb2 Bd3+ 23.Kc3 Bb4+ {#R} 0-1

[Event "Ch URS"]
[Site "masterchessopen.com URS"]
[Round "0"]
[White "Averbakh Yuri L (RUS)"]
[Black "Mnatsakanian Eduard A (ARM)"]
[Result "1-0"]
[WhiteElo "2445"]
[BlackElo "2200"]

1.d4 d5 2.c4 c6 3.e3 Nf6 4.Nc3 e6 5.Nf3 Nbd7 6.Bd3 dxc4 7.Bxc4 b5 8.Bd3 b4
9.Ne4 Bb7 10.Nxf6+ Nxf6 11.e4 Be7 12.Qe2 a5 13.O-O O-O 14.Rd1 c5 15.dxc5 Qc7
16.Bg5 Bxc5 17.Rac1 Qb6 18.Ne5 Bd4 19.Bxf6 gxf6 20.Nd7 Qd6 21.e5 {#r} 1-0

[Event "Ch URS"]
[Site "masterchessopen.com URS"]
[Round "0"]
[White "Vaganian Rafael A (ARM)"]
[Black "Kakageldyev Amanmurad (TKM)"]
[Result "1-0"]
[WhiteElo "2577"]
[BlackElo "2388"]

1.d4 d5 2.c4 c6 3.Nc3 Nf6 4.e3 e6 5.Nf3 Nbd7 6.Bd3 dxc4 7.Bxc4 b5 8.Bd3 b4
9.Na4 c5 10.e4 cxd4 11.e5 Qa5 12.exf6 b3+ 13.Bd2 Qxa4 14.axb3 Qc6 15.Qe2 Bb7
16.Bb5 Qd5 17.Ne5 d3 18.Bxd7+ Qxd7 19.Qg4 h5 20.fxg7 hxg4 21.gxh8=Q Qd4 22.O-O
Qd5 23.f3 O-O-O 24.Bc3 Bd6 25.Qf6 {#r} 1-0

[Event "Izt (w)"]
[Site "masterchessopen.com Ohrid (Macedonia)"]
[Round "8"]
[White "Kozlovskaya Valentina (RUS)"]
[Black "Belamaric Tanja (CRO)"]
[Result "1-0"]
[WhiteElo "2281"]
[BlackElo "2103"]

1.d4 d5 2.c4 e6 3.Nf3 c6 4.e3 Nf6 5.Nc3 Nbd7 6.Bd3 dxc4 7.Bxc4 b5 8.Bd3 Bb7
9.O-O b4 10.Ne4 Nxe4 11.Bxe4 Nf6 12.Bd3 Be7 13.e4 O-O 14.Qe2 Qc7 15.Bg5 Rfe8
16.Rac1 g6 17.Bxf6 Bxf6 18.e5 Be7 19.Rfd1 Qb6 20.Be4 Rac8 21.Qe3 Kg7 22.h3 c5
23.Bxb7 Qxb7 24.dxc5 Qa6 25.Qf4 Qa4 26.b3 Qxa2 27.Rd7 Kg8 28.Ng5 {#r} 1-0

[Event "Ch Poland"]
[Site "masterchessopen.com Poznan (Poland)"]
[Round "0"]
[White "Pojedziniec Wladyslaw (POL)"]
[Black "Bernard Ryszard (POL)"]
[Result "1-0"]
[WhiteElo "2168"]
[BlackElo "2339"]

1.Nf3 d5 2.c4 c6 3.d4 Nf6 4.Nc3 e6 5.e3 Nbd7 6.Bd3 dxc4 7.Bxc4 b5 8.Bd3 b4
9.Ne4 Nxe4 10.Bxe4 Bb7 11.Qa4 Qb6 12.Bd2 Bd6 13.O-O O-O 14.Rfc1 Rac8 15.a3 Nf6
16.Bd3 a5 17.axb4 axb4 18.Qa7 Qc7 19.Ba6 Rb8 20.Bxb7 Rxb7 21.Qa4 Rb6 22.Rc4
Qb7 23.Ne5 Bxe5 24.dxe5 Nd7 25.Bxb4 Nxe5 26.Bxf8 Nxc4 27.Bc5 {#r} 1-0

[Event "It (open)"]
[Site "masterchessopen.com Bad Mondorf (Germany)"]
[Round "8"]
[White "Stull Norbert (LUX)"]
[Black "Jahr Ulrich Dr Dr (GER)"]
[Result "1-0"]
[WhiteElo "2081"]
[BlackElo "2145"]

1.d4 d5 2.c4 c6 3.Nf3 Nf6 4.Nc3 e6 5.e3 Nbd7 6.Bd3 dxc4 7.Bxc4 b5 8.Bd3 Bb7
9.O-O a6 10.e4 c5 11.d5 Qc7 12.Qe2 Bd6 13.dxe6 fxe6 14.Bxb5 O-O 15.Bc4 Rae8
16.Bxa6 Bxa6 17.Qxa6 Ng4 18.h3 Bh2+ 19.Kh1 Nde5 20.Nxe5 Nxf2+ 21.Rxf2 Rxf2
22.Be3 Rxb2 23.Qc6 Bxe5 24.Qxe8# 1-0

[Event "?"]
[Site "masterchessopen.com Primorsko (Bulgaria)"]
[Round "0"]
[White "Cherepkov Alexander V (RUS)"]
[Black "Baumbach Friedrich Dr (GER)"]
[Result "1-0"]
[WhiteElo "2395"]
[BlackElo "2239"]

1.d4 d5 2.c4 c6 3.Nf3 Nf6 4.Nc3 e6 5.e3 Nbd7 6.Bd3 dxc4 7.Bxc4 b5 8.Bd3 Bb7
9.e4 b4 10.Na4 c5 11.e5 Nd5 12.O-O cxd4 13.Re1 Be7 14.Nxd4 Qa5 15.a3 bxa3
16.bxa3 N5b6 17.Bb5 Nxa4 18.Bd2 Nc3 19.Bxd7+ Kf8 20.Qg4 h5 21.Nxe6+ fxe6
22.Qf4+ Bf6 23.exf6 {#r} 1-0

[Event "It"]
[Site "masterchessopen.com Albena (Bulgaria)"]
[Round "0"]
[White "Taimanov Mark E (RUS)"]
[Black "Onat Ilhan (TUR)"]
[Result "1-0"]
[WhiteElo "2580"]
[BlackElo "2335"]

1.d4 d5 2.c4 c6 3.Nf3 Nf6 4.Nc3 e6 5.e3 Nbd7 6.Bd3 dxc4 7.Bxc4 b5 8.Be2 a6
9.e4 b4 10.e5 bxc3 11.exf6 cxb2 12.fxg7 Bxg7 13.Bxb2 c5 14.O-O Bb7 15.Rb1 Be4
16.dxc5 Bxb1 17.Bxg7 Rg8 18.c6 Nc5 19.Bd4 Bxa2 20.Bxc5 Bd5 21.Qa4 Qc7 22.Qh4
Bxc6 23.Qxh7 O-O-O 24.Bxa6+ Kb8 25.Rb1+ Ka8 26.Be2 {#r} 1-0

[Event "?"]
[Site "masterchessopen.com Varna (Bulgaria)"]
[Round "0"]
[White "Peev Peicho (BUL)"]
[Black "Barczay Laszlo (HUN)"]
[Result "1-0"]
[WhiteElo "2284"]
[BlackElo "2440"]

1.d4 Nf6 2.c4 e6 3.Nf3 d5 4.Nc3 c6 5.e3 Nbd7 6.Bd3 dxc4 7.Bxc4 b5 8.Bd3 Bb7
9.O-O b4 10.Ne4 c5 11.Nxf6+ gxf6 12.e4 cxd4 13.Nxd4 Bc5 14.Nb3 Ke7 15.Qe2 Bd6
16.Be3 Ne5 17.Rfd1 Qb8 18.Ba6 Rd8 19.Rac1 Bxe4 20.Na5 Rg8 21.f4 Rxg2+ 22.Qxg2
Bxg2 23.fxe5 Bc7 24.Bc5+ Ke8 25.Kxg2 Bxa5 26.Bd6 Qb6 27.Be2 {#r} 1-0

[Event "Ch Poland"]
[Site "masterchessopen.com Zielona Gora (Poland)"]
[Round "4"]
[White "Szymczak Zbigniew (POL)"]
[Black "Kostro Jerzy (POL)"]
[Result "1-0"]
[WhiteElo "2279"]
[BlackElo "2385"]

1.Nf3 d5 2.c4 c6 3.d4 Nf6 4.Nc3 e6 5.e3 Nbd7 6.Bd3 dxc4 7.Bxc4 b5 8.Bd3 b4
9.Ne4 Nxe4 10.Bxe4 Bb7 11.Qa4 Qb6 12.O-O Rc8 13.Bd2 Ba6 14.Rfc1 Bb5 15.Qc2 Nf6
16.Bd3 Bxd3 17.Qxd3 Be7 18.a3 O-O 19.axb4 Nd5 20.Ne5 Rc7 21.Ra6 Qb7 22.Raxc6
Rxc6 23.Nxc6 Bxb4 24.Bxb4 Nxb4 25.Qb3 a5 26.Nxa5 Rc8 27.Rc3 Qb8 28.Qxb4 {#r}
1-0

[Event "It"]
[Site "masterchessopen.com Cienfuegos (Cuba)"]
[Round "0"]
[White "Balashov Yuri S (RUS)"]
[Black "Garcia Martinez Silvino (CUB)"]
[Result "1-0"]
[WhiteElo "2540"]
[BlackElo "2445"]

1.d4 d5 2.c4 e6 3.Nc3 c6 4.Nf3 Nf6 5.e3 Nbd7 6.Bd3 dxc4 7.Bxc4 b5 8.Bd3 Bb7
9.e4 b4 10.Na4 c5 11.e5 Nd5 12.O-O cxd4 13.Re1 a6 14.Nxd4 g6 15.Qg4 Bg7 16.Bg5
Ne7 17.Bc4 h6 18.Nxe6 fxe6 19.Qxe6 Rf8 20.Bd3 {#r} 1-0

[Event "It"]
[Site "masterchessopen.com Odessa (Ukraine)"]
[Round "0"]
[White "Tarjan James E (USA)"]
[Black "Silva Fernando (POR)"]
[Result "1-0"]
[WhiteElo "2490"]
[BlackElo "2333"]

1.d4 d5 2.c4 e6 3.Nc3 c6 4.e3 Nf6 5.Nf3 Nbd7 6.Bd3 dxc4 7.Bxc4 b5 8.Bd3 b4
9.Ne4 Nxe4 10.Bxe4 Bb7 11.Qa4 Qb6 12.Nd2 Rc8 13.a3 bxa3 14.b3 Ba6 15.Nc4 Qb5
16.Rxa3 Bxa3 17.Qxa3 Kd8 18.O-O Rc7 19.Bd2 Nb6 20.Bd3 Bc8 21.Nxb6 Qxb6 22.Ba5
Qb8 23.Qd6+ Bd7 24.Ba6 Re8 25.Rc1 {#r} 1-0

[Event "Ch Romania"]
[Site "masterchessopen.com Timishoara (Romania)"]
[Round "0"]
[White "Kertesz Alfred (GER)"]
[Black "Bondoc Dan Vladimir (ROM)"]
[Result "1-0"]
[WhiteElo "2271"]
[BlackElo "2170"]

1.Nf3 Nf6 2.c4 e6 3.Nc3 d5 4.d4 c6 5.e3 Nbd7 6.Bd3 dxc4 7.Bxc4 b5 8.Bd3 b4
9.Ne4 Bb7 10.Bd2 Be7 11.Nxf6+ gxf6 12.Rc1 Qb6 13.Qe2 a6 14.O-O c5 15.Rfd1 Bd6
16.dxc5 Nxc5 17.e4 Ke7 18.Bb1 Rac8 19.Be3 a5 20.Nd4 Ba6 21.Qh5 Qb7 22.e5 fxe5
23.Qh4+ Kf8 24.Rxc5 Bxc5 25.Nxe6+ fxe6 26.Bxc5+ Rxc5 27.Qf6+ {#r} 1-0

[Event "Tournament"]
[Site "masterchessopen.com Bulgaria"]
[Round "0"]
[White "Spassov Liuben (BUL)"]
[Black "Janakiev Ivan (BUL)"]
[Result "1-0"]
[WhiteElo "2480"]
[BlackElo "2177"]

1.Nf3 Nf6 2.c4 c6 3.d4 d5 4.Nc3 e6 5.e3 Nbd7 6.Bd3 dxc4 7.Bxc4 b5 8.Bd3 Bb7
9.e4 b4 10.Na4 c5 11.e5 Nd5 12.O-O cxd4 13.Re1 Be7 14.Nxd4 a6 15.Qg4 Bf8
16.Nxe6 fxe6 17.Qh5+ Ke7 18.Bg5+ N7f6 19.exf6+ gxf6 20.Nc5 Bc8 21.Bh4 Kd6
22.Rxe6+ Bxe6 23.Nb7+ Kc7 24.Nxd8 Rxd8 25.Bxa6 Bd6 26.Qe2 Rde8 27.Qc4+ Kd8
28.Bb7 {#r} 1-0

[Event "?"]
[Site "masterchessopen.com Moscow (Russia)"]
[Round "0"]
[White "Geller Efim P (RUS)"]
[Black "Whiteley Andrew J (ENG)"]
[Result "1-0"]
[WhiteElo "2590"]
[BlackElo "2395"]

1.d4 d5 2.c4 c6 3.Nf3 Nf6 4.Nc3 e6 5.e3 Nbd7 6.Bd3 dxc4 7.Bxc4 b5 8.Bb3 b4
9.Ne2 Bb7 10.O-O c5 11.Nf4 cxd4 12.exd4 Nb6 13.Ng5 Bd5 14.Nxd5 Nfxd5 15.Ba4+
Nd7 16.Qh5 Qe7 17.Re1 g6 18.Qf3 Nb6 19.d5 Nxd5 20.Nxf7 Qxf7 21.Qxd5 O-O-O
22.Qa8+ {#r} 1-0

[Event "It (b)"]
[Site "masterchessopen.com Horsens (Denmark)"]
[Round "5"]
[White "Rosell Per"]
[Black "Boye Niels (DEN)"]
[Result "0-1"]
[WhiteElo "2320"]
[BlackElo "1970"]

1.d4 d5 2.c4 e6 3.Nc3 c6 4.e3 Nf6 5.Nf3 Nbd7 6.Bd3 dxc4 7.Bxc4 b5 8.Bd3 Bb7
9.O-O a6 10.b3 c5 11.Bb2 Bd6 12.Rc1 O-O 13.Qe2 Qb6 14.Ng5 e5 15.dxe5 Bxe5
16.Rfd1 Rae8 17.Nxh7 Nxh7 18.Bxh7+ Kxh7 19.Qd3+ Kh8 20.Qxd7 Re6 21.Rc2 Bd6
22.Rcd2 Rd8 23.Rxd6 Rxd6 24.Rxd6 Qxd6 25.Qxb7 Qd1+ 26.Nxd1 Rxd1# 0-1

[Event "It (b)"]
[Site "masterchessopen.com Decin (Czech Republic)"]
[Date "1978.06.21"]
[Round "12"]
[White "Lukov Valentin (BUL)"]
[Black "Sorm Daniel (CZE)"]
[Result "1-0"]
[WhiteElo "2420"]
[BlackElo "2317"]

1.d4 d5 2.c4 c6 3.Nf3 Nf6 4.Nc3 e6 5.e3 Nbd7 6.Bd3 dxc4 7.Bxc4 b5 8.Bd3 Bb7
9.O-O b4 10.Ne4 c5 11.Nxf6+ gxf6 12.Qe2 Qb6 13.Rd1 Rd8 14.b3 Bd6 15.Bb2 Ke7
16.Bc4 Qc7 17.Rac1 Bxf3 18.Qxf3 Bxh2+ 19.Kh1 Bd6 20.Bb5 e5 21.Bxd7 Rxd7
22.dxc5 Bxc5 23.Rxd7+ Kxd7 24.Qxf6 Rc8 25.Bxe5 Qb6 26.Qxf7+ Kc6 27.Qe6+ Kb7
28.Qd7+ {#r} 1-0

[Event "It"]
[Site "masterchessopen.com Graz (Austria)"]
[Round "10"]
[White "Darga Klaus (GER)"]
[Black "Zaitsev Igor A (RUS)"]
[Result "1-0"]
[WhiteElo "2453"]
[BlackElo "2505"]

1.Nf3 Nf6 2.c4 e6 3.Nc3 d5 4.d4 c6 5.e3 Nbd7 6.Bd3 dxc4 7.Bxc4 b5 8.Bd3 Bb7
9.e4 b4 10.Na4 c5 11.e5 Nd5 12.O-O Be7 13.Re1 Rc8 14.Nxc5 Nxc5 15.dxc5 Bxc5
16.Ng5 Qb6 17.Ne4 Be7 18.Ng3 Kd7 19.Qg4 h5 20.Nxh5 g6 21.Nf6+ Nxf6 22.exf6
Bxf6 23.Be3 Qa5 24.Rad1 Rh4 25.Qg3 Ke7 26.Bxg6 Bd5 27.Bg5 Rch8 28.Rxd5 {#r}
1-0

[Event "Ch Belarus"]
[Site "masterchessopen.com Minsk (Belarus)"]
[Round "0"]
[White "Litvinov Viktor (RUS)"]
[Black "Basin Leonid (RUS)"]
[Result "1-0"]
[WhiteElo "2052"]
[BlackElo "2420"]

1.c4 e6 2.d4 d5 3.Nc3 c6 4.Nf3 Nf6 5.e3 Nbd7 6.Bd3 dxc4 7.Bxc4 b5 8.Bb3 b4
9.Ne2 Bb7 10.O-O Bd6 11.Nf4 Qe7 12.Re1 c5 13.e4 Bxe4 14.Nxe6 fxe6 15.Ng5 e5
16.dxe5 Bxe5 17.Nxe4 Nxe4 18.Qh5+ g6 19.Qf3 Ndf6 20.Bg5 O-O-O 21.Rxe4 Bxh2+
22.Kxh2 Qxe4 23.Bxf6 Qxf3 24.gxf3 Rhe8 25.Bxd8 Kxd8 26.Rc1 Re5 {#r} 1-0

[Event "?"]
[Site "masterchessopen.com corr."]
[Round "0"]
[White "Lotti Fabio (ITA)"]
[Black "Amovilli Mauro (ITA)"]
[Result "1-0"]
[WhiteElo "1995"]
[BlackElo "2250"]

1.d4 d5 2.c4 c6 3.Nf3 Nf6 4.Nc3 e6 5.e3 Nbd7 6.Bd3 dxc4 7.Bxc4 b5 8.Bd3 Bb7
9.e4 b4 10.Na4 c5 11.e5 Nd5 12.O-O cxd4 13.Re1 g6 14.Bg5 Qa5 15.Nd2 Ba6 16.Nc4
Bxc4 17.Bxc4 Bg7 18.Qxd4 Qxa4 19.Bxd5 exd5 20.Qxd5 Nb6 21.Qd6 Qd7 22.Qxb4 Bf8
23.Qh4 Bg7 24.Rad1 Qa4 25.Rd4 Qxa2 26.Be7 h6 27.Red1 {#r} 1-0

[Event "Ch Pan-American (juniors) (under 20)"]
[Site "masterchessopen.com Buenos Aires (Argentina)"]
[Round "3"]
[White "Abarca Aguirre Manuel (CHI)"]
[Black "Granda Zuniga Julio E (PER)"]
[Result "0-1"]
[WhiteElo "2347"]
[BlackElo "2636"]

1.d4 d5 2.c4 c6 3.e3 Nf6 4.Nf3 e6 5.Nc3 Nbd7 6.Bd3 dxc4 7.Bxc4 b5 8.Bd3 b4
9.Ne4 Nxe4 10.Bxe4 Bb7 11.O-O Be7 12.Bd2 O-O 13.Qa4 Qb6 14.Rfc1 Rfc8 15.Rc4 f5
16.Bb1 a5 17.Rc1 Nf6 18.Qd1 c5 19.dxc5 Bxc5 20.Qe2 Qd6 21.Bd3 Ng4 {#R} 0-1

[Event "Ch Moscow (w) (1/2 final)"]
[Site "masterchessopen.com Moscow (Russia)"]
[Round "8"]
[White "Ershova Svetlana (RUS)"]
[Black "Kharkova Elena (RUS)"]
[Result "1-0"]
[WhiteElo "2253"]
[BlackElo "2285"]

1.d4 d5 2.c4 c6 3.Nf3 Nf6 4.Nc3 e6 5.e3 Nbd7 6.Bd3 dxc4 7.Bxc4 b5 8.Bd3 Bb7
9.O-O a6 10.Qe2 b4 11.Na4 Qa5 12.b3 Rc8 13.Bd2 c5 14.Rfc1 Ne4 15.Be1 Bd6 16.a3
c4 17.Bxc4 Qh5 18.Bxb4 Ng5 19.Bxd6 Nxf3+ 20.Kf1 e5 21.Bd5 Rxc1+ 22.Rxc1 Qxh2
23.Qxf3 Qh1+ 24.Ke2 Qxc1 25.Qxf7+ Kd8 26.Qe7+ {#r} 1-0

[Event "It (open)"]
[Site "masterchessopen.com Toronto (Canada)"]
[Round "2"]
[White "Spraggett Kevin (CAN)"]
[Black "Salman Nachum (USA)"]
[Result "1-0"]
[WhiteElo "2490"]
[BlackElo "2242"]

1.c4 e6 2.Nc3 d5 3.d4 c6 4.e3 Nf6 5.Nf3 Nbd7 6.Bd3 dxc4 7.Bxc4 a6 8.a4 c5
9.O-O Be7 10.Qe2 Nb6 11.dxc5 Bxc5 12.Bd3 Nbd5 13.e4 Nxc3 14.bxc3 O-O 15.e5 Nd5
16.Bxh7+ Kxh7 17.Ng5+ Kg6 18.h4 Qe7 19.h5+ Kh6 20.Nxe6+ Kh7 21.Qd3+ Kg8 22.Ng5
{#r} 1-0

[Event "Tournament (Elo)"]
[Site "masterchessopen.com Germany"]
[Round "0"]
[White "Ullrich Manfred (GER)"]
[Black "Hoffmann Hans (GER)"]
[Result "1-0"]
[WhiteElo "2085"]
[BlackElo "2120"]

1.d4 d5 2.c4 c6 3.Nc3 Nf6 4.Nf3 e6 5.e3 Nbd7 6.Bd3 dxc4 7.Bxc4 b5 8.Bd3 Bb7
9.O-O b4 10.Ne4 Nxe4 11.Bxe4 Qb6 12.Bb1 c5 13.Re1 Rc8 14.Ng5 g6 15.Be4 Bxe4
16.Nxe4 cxd4 17.exd4 Bg7 18.d5 e5 19.Qa4 Kd8 20.Be3 Qb8 21.Qa5+ Ke7 22.Qa6
Rhd8 23.Bg5+ {#r} 1-0

[Event "?"]
[Site "masterchessopen.com Ivailovgrad (Bulgaria)"]
[Round "0"]
[White "Polgar Zsuzsa (USA)"]
[Black "Dimitrov Vladimir (BUL)"]
[Result "1-0"]
[WhiteElo "2577"]
[BlackElo "2413"]

1.d4 d5 2.c4 e6 3.Nc3 Nf6 4.Nf3 c6 5.e3 Nbd7 6.Bd3 dxc4 7.Bxc4 b5 8.Be2 Bb7
9.e4 b4 10.e5 bxc3 11.exf6 cxb2 12.fxg7 bxa1=Q 13.gxh8=Q Qb1 14.O-O Qf6
15.Qxf6 Nxf6 16.Ne5 Qxa2 17.Bc4 Qa5 18.Qf3 Be7 19.Bg5 Qd8 20.Bxe6 fxe6 21.Bxf6
Qxd4 22.Qh5+ {#r} 1-0

[Event "It (open)"]
[Site "masterchessopen.com Badenweiler (Germany)"]
[Round "7"]
[White "Toth Bela (ITA)"]
[Black "Jansen Andreas (GER)"]
[Result "1-0"]
[WhiteElo "2345"]
[BlackElo "2206"]

1.d4 d5 2.c4 e6 3.Nc3 Nf6 4.Nf3 c6 5.e3 Nbd7 6.Bd3 dxc4 7.Bxc4 Nb6 8.Bd3 Be7
9.O-O O-O 10.e4 c5 11.dxc5 Bxc5 12.e5 Nfd5 13.Bxh7+ Kxh7 14.Ng5+ Kg6 15.Qc2+
f5 16.exf6+ Kxf6 17.Nce4+ {#r} 1-0

[Event "Ch Cuba"]
[Site "masterchessopen.com San Juan (Cuba)"]
[Round "0"]
[White "Vilela Jose Luis (CUB)"]
[Black "Vera Reynaldo (CUB)"]
[Result "0-1"]
[WhiteElo "2415"]
[BlackElo "2445"]

1.Nf3 Nf6 2.c4 e6 3.d4 d5 4.Nc3 c6 5.e3 Nbd7 6.Bd3 dxc4 7.Bxc4 b5 8.Bb3 b4
9.Ne2 Bb7 10.O-O c5 11.Ba4 Be7 12.dxc5 Bxf3 13.gxf3 Bxc5 14.a3 O-O 15.axb4
Bxb4 16.Bc6 Rc8 17.Bxd7 Nxd7 18.Rxa7 Ne5 19.Nd4 Bc5 20.Ra4 Qg5+ 21.Kh1 Qh5
22.f4 Ng4 23.Nf3 Rfd8 24.Qe2 Nxh2 25.Kg2 Nxf1 26.Kxf1 Ba3 27.Bd2 Bxb2 {#R} 0-1

[Event "It (open)"]
[Site "masterchessopen.com Geneva (Switzerland)"]
[Round "0"]
[White "Flear Christine (FRA)"]
[Black "Domont Alexandre (SUI)"]
[Result "1-0"]
[WhiteElo "2142"]
[BlackElo "2361"]

1.d4 d5 2.c4 c6 3.Nc3 Nf6 4.e3 e6 5.Nf3 Nbd7 6.Bd3 dxc4 7.Bxc4 b5 8.Bb3 Bb7
9.O-O Be7 10.Re1 b4 11.Ne2 O-O 12.Nf4 c5 13.Ng5 Qc8 14.e4 c4 15.Bc2 e5 16.Nd5
Nxd5 17.exd5 Bxg5 18.Bxg5 Bxd5 19.dxe5 Qc6 20.Qh5 g6 21.Qh6 Rae8 22.Ba4 {#r}
1-0

[Event "Bundesliga (2nd) West 1986/87"]
[Site "masterchessopen.com Germany"]
[Round "1"]
[White "Budde Vladimir (GER)"]
[Black "Buecker Peter (GER)"]
[Result "1-0"]
[WhiteElo "2345"]
[BlackElo "2320"]

1.d4 d5 2.c4 e6 3.Nf3 c6 4.e3 Nf6 5.Bd3 dxc4 6.Bxc4 Nbd7 7.Nc3 b5 8.Be2 Bb7
9.e4 b4 10.e5 bxc3 11.exf6 cxb2 12.fxg7 Bxg7 13.Bxb2 c5 14.Qd2 O-O 15.O-O Rb8
16.Rad1 Bd5 17.Bc3 Nf6 18.Ba5 Qe7 19.a3 Rb3 20.Qc1 Rc8 21.Ne5 Qb7 22.dxc5 Bxg2
23.c6 Bxc6 24.Nxc6 Nd5 25.Rxd5 exd5 26.Ne7+ Qxe7 27.Qxc8+ Bf8 28.Qg4+ {#r} 1-0

[Event "Ch City (qual)"]
[Site "masterchessopen.com Rio de Janeiro (Brazil)"]
[Date "1986.07.19"]
[Round "6"]
[White "Rocha Cleber Lemos da"]
[Black "Carvalho Wagner (BRA)"]
[Result "1-0"]
[WhiteElo "1920"]
[BlackElo "2042"]

1.d4 d5 2.c4 c6 3.Nf3 Nf6 4.Nc3 e6 5.e3 Nbd7 6.Bd3 dxc4 7.Bxc4 b5 8.Bd3 Bb7
9.O-O b4 10.Na4 a6 11.Bd2 c5 12.Rc1 Bxf3 13.Qxf3 cxd4 14.Qc6 a5 15.Bb5 Be7
16.Nb6 Ra7 17.Nc8 {#r} 1-0

[Event "It"]
[Site "masterchessopen.com Luxembourg"]
[Round "5"]
[White "Stull Norbert (LUX)"]
[Black "Karsa Laszlo (HUN)"]
[Result "0-1"]
[WhiteElo "2081"]
[BlackElo "2346"]

1.d4 Nf6 2.c4 e6 3.Nf3 d5 4.Nc3 c6 5.e3 Nbd7 6.Bd3 dxc4 7.Bxc4 b5 8.Bd3 Bb7
9.O-O b4 10.Ne4 Nxe4 11.Bxe4 Be7 12.Bd2 O-O 13.a3 Nf6 14.Bc2 a5 15.e4 c5 16.e5
Ne4 17.Be3 c4 18.Qe2 c3 19.bxc3 Nxc3 20.Qd2 Rc8 21.Ng5 Bxg5 22.Bxg5 Qd5 23.f4
b3 24.Bd1 Nxd1 {#R} 0-1

[Event "Ch Scotland"]
[Site "masterchessopen.com Hamilton (Scotland)"]
[Round "8"]
[White "Pyrich George (SCO)"]
[Black "Bryson Douglas M (SCO)"]
[Result "0-1"]
[WhiteElo "2014"]
[BlackElo "2350"]

1.c4 e6 2.Nc3 d5 3.d4 c6 4.e3 Nf6 5.Nf3 Nbd7 6.Bd3 dxc4 7.Bxc4 b5 8.Bd3 Bb7
9.O-O a6 10.e4 c5 11.e5 Nd5 12.Bg5 Qb6 13.Rc1 cxd4 14.Ne4 Nb4 15.Bb1 h6 16.Bh4
Nxa2 17.Bxa2 Bxe4 18.Re1 Bb7 19.Nxd4 Bb4 20.Nxe6 fxe6 21.Qh5+ Kf8 22.Qg6 Re8
23.Re3 Bd2 24.Rg3 Bg5 25.Bxg5 hxg5 26.Rxg5 Re7 27.Rg4 Rf7 {#R} 0-1

[Event "Ch Scotland"]
[Site "masterchessopen.com Hamilton (Scotland)"]
[Round "1"]
[White "Pyrich George (SCO)"]
[Black "Thomson Craig S M (SCO)"]
[Result "0-1"]
[WhiteElo "2014"]
[BlackElo "2293"]

1.c4 c6 2.d4 d5 3.Nf3 Nf6 4.Nc3 e6 5.e3 Nbd7 6.Bd3 dxc4 7.Bxc4 b5 8.Bb3 Bb7
9.e4 b4 10.e5 bxc3 11.exf6 cxb2 12.fxg7 Bxg7 13.Bxb2 Qa5+ 14.Kf1 O-O-O 15.Qc2
Kb8 16.Nd2 Nb6 17.Nf3 Rhg8 18.Rb1 Qb5+ 19.Kg1 c5 20.a4 Qc6 21.d5 Nxd5 22.Ne5
Bxe5 23.Bxe5+ Nc7 24.f3 Qxf3 25.Bxc7+ Kxc7 {#R} 0-1

[Event "Ch URS (qual)"]
[Site "masterchessopen.com Blagovescensk (Russia)"]
[Round "0"]
[White "Karasev Vladimir I (RUS)"]
[Black "Kaidanov Gregory S (USA)"]
[Result "0-1"]
[WhiteElo "2372"]
[BlackElo "2535"]

1.d4 d5 2.c4 e6 3.Nc3 c6 4.Nf3 Nf6 5.e3 Nbd7 6.Bd3 dxc4 7.Bxc4 b5 8.Bd3 Bb7
9.e4 b4 10.Na4 c5 11.e5 Nd5 12.O-O cxd4 13.Nxd4 Nxe5 14.Bb5+ Nd7 15.Re1 Rc8 (
15...Be7 16.Nc6 { ! } 16...Bxc6 17.Bxc6 Rc8 18.Bxd5 exd5 19.Bg5 f6 20.Bf4 { P
} ) 16.Qh5 ( 16.Qg4 Nf6 17.Qh3 a6 18.Bxd7+ Qxd7 19.Nxe6 fxe6 20.Nb6 Qf7
21.Rxe6+ Be7 22.Rxf6 Rd8 { ??+ } ) 16...g6 17.Qh3 { ?! } ( 17.Qe2 Qe7 18.Bg5 {
! } 18...Qxg5 19.Nxe6 { ! } 19...Qe7 20.Nec5 { P } ) 17...a6 { ! } 18.Nxe6 (
18.Bd3 Bg7 19.Rxe6+ fxe6 20.Nxe6 Qe7 21.Nxg7+ Qxg7 22.Bh6 Qe5 23.Kf1 Kd8
24.Re1 Qh5 { e } ) 18...fxe6 19.Qxe6+ Be7 20.Bxa6 Bxa6 21.Qxa6 Qc7 22.Bg5 Qc6
23.Qe2 O-O 24.Rac1 Qd6 25.Bxe7 Qxe7 26.Qd2 Qf7 27.Rcd1 {#R} 0-1

[Event "It (open)"]
[Site "masterchessopen.com Mendrisio (Switzerland)"]
[Round "1"]
[White "Barlov Dragan (SRB)"]
[Black "Trumpf Walter (SUI)"]
[Result "1-0"]
[WhiteElo "2520"]
[BlackElo "2042"]

1.d4 Nf6 2.Nf3 e6 3.c4 d5 4.Nc3 c6 5.e3 Nbd7 6.Bd3 dxc4 7.Bxc4 Bb4 8.a3 Bxc3+
9.bxc3 Qa5 10.Qc2 e5 11.O-O e4 12.Nd2 O-O 13.f3 Nb6 14.fxe4 Ng4 15.Rf3 Qg5
16.Qd3 Nxc4 17.Qxc4 Nxe3 18.Qe2 Ng4 19.e5 Qe7 20.Ne4 Be6 21.h3 Nh6 22.Bxh6
gxh6 23.Nf6+ Kg7 24.Rg3+ {#r} 1-0

[Event "It (open)"]
[Site "masterchessopen.com Pfarrkirchen (Germany)"]
[Round "0"]
[White "Loos Stephan (GER)"]
[Black "Roehrl Karl (AUT)"]
[Result "1-0"]
[WhiteElo "2137"]
[BlackElo "2268"]

1.d4 d5 2.c4 c6 3.Nf3 Nf6 4.Nc3 Nbd7 5.e3 e6 6.Bd3 dxc4 7.Bxc4 Bd6 8.O-O Qc7
9.e4 e5 10.Ng5 O-O 11.Qb3 Nb6 12.Bxf7+ Rxf7 13.dxe5 Bxe5 14.Rd1 Bxh2+ 15.Kh1
Ng4 16.Rd8+ Qxd8 17.Qxf7+ Kh8 18.Qh5 Nxf2+ 19.Kxh2 Qc7+ 20.Kg1 g6 21.Qf3 Bg4
22.Qxf2 {#r} 1-0